000 00514nam a2200217Ia 4500
003 OSt
005 20220928144130.0
006 a|||||r|||| 00| 0
007 ta
008 220927b |||||||| |||| 00| 0 eng d
024 _a24421
037 _cTextual
040 _aSDCL
_cSDCL
_beng
041 _2eng
_aeng
082 _aQ11x, M5
100 _aRao S K Ramachandra
245 0 _aSri- sukta.
260 _c1985
942 _hQ11x, M5
_cTEXL
_2CC
999 _c826335
_d826335